00358 a2200097 4500001001000000005001700010008004100027245007600068100002500144773009100169ART_1876820260410161817.0260409a 10aProtección diplomática, asistencia consular y derechos individuales1 aDel Castillo, Lilian0 tRevista Juridica de Buenos AiresgDerecho internacional público (ene. 2012)wREV4315